| 000 | 00691nam a2200205 i 4500 | ||
|---|---|---|---|
| 001 | 50105 | ||
| 003 | ES-MaACL | ||
| 005 | 20250803063047.0 | ||
| 007 | t| | ||
| 008 | 030730s1903 fr ||||1| fre d | ||
| 100 | 1 |
_aCroce, Benedetto, _d1866-1952 _9241508 |
|
| 245 | 1 | 0 |
_aMatérialisme historique et économie marxiste : _bessais critiques / _cpar Benedetto Croce ; traduit par Alfred Bonnet. |
| 260 |
_a[Paris : _bs.n.], _c1903 ( _eSaint Amand : _fBussière) |
||
| 300 |
_aV, 326 p. ; _c18 cm. |
||
| 650 | 4 |
_aMaterialismo histórico. _914850 |
|
| 650 | 4 |
_aEconomía marxista. _912033 |
|
| 700 | 1 |
_aBonnet, Alfred. _930258 |
|
| 852 |
_aES-MaACL _jD-3510 |
||
| 999 |
_c50105 _d50105 |
||